Visualizzazione normale
Vista MARC
- Danna Michael
di Personal Name
Records bibliografici associati: 1
001 - CONTROL NUMBER
- control field: 39482
003 - CONTROL NUMBER IDENTIFIER
- control field: IT-RoPau
005 - DATE AND TIME OF LATEST TRANSACTION
- control field: 20151126101956.0
008 - FIXED-LENGTH DATA ELEMENTS
- fixed length control field: 151126|| aca||aabn | a|a d
040 ## - CATALOGING SOURCE
- Original cataloging agency: IT-RoPau
- Transcribing agency: IT-RoPau
100 ## - HEADING--PERSONAL NAME
- Personal name: Danna Michael
- Relator term: (musica)
- Miscellaneous information: Codice Musica SPICS: 48264
670 ## - SOURCE DATA FOUND
- Source citation: Work cat.: (IT-RoPau)105102: Szabo' Istvan Codice regista SPICS: 1650 39480, DIVA JULIA (LA) DIVA JULIA (LA) (Rif. Codice opera principale : H7126)